=LDR 00000nam 2200000 4500 =001 INLIS000000000016421 =005 20130612111717 =008 ***********************************Ind** =035 ##$$0010-061300000016421 =041 ##$$a Ind =082 ##$$a 371.9 =090 ##$$a 371.9, Thr u =100 ##$$a Thrispin P =245 ##$$a Uraian materi pelajaran penjaskes, berdasarkan kurikulum GBPP 1994 untuk SLTP, Thrispin P =260 ##$$a 1995 $b Bandung =300 ##$$a ...jil., ilus, 21 cm =650 ##$$a Pendidikan dan latihan jasmani =850 ##$$a NBPNMAT